Lamṭern in ṿinṭ : (Record no. 31908)

MARC details
000 -LEADER
fixed length control field 00534cam a22002051i 4500
001 - CONTROL NUMBER
control field he 66001457
003 - CONTROL NUMBER IDENTIFIER
control field DLC
005 - DATE AND TIME OF LATEST TRANSACTION
control field 20260227111441.0
008 - FIXED-LENGTH DATA ELEMENTS--GENERAL INFORMATION
fixed length control field 860830s1933 pl 000 0 yid
010 ## - LIBRARY OF CONGRESS CONTROL NUMBER
LC control number he 66001457
035 ## - SYSTEM CONTROL NUMBER
System control number (OCoLC)19311538
040 ## - CATALOGING SOURCE
Original cataloging agency DLC
Transcribing agency MH
Modifying agency CU
-- DLC
042 ## - AUTHENTICATION CODE
Authentication code premarc
050 00 - LIBRARY OF CONGRESS CALL NUMBER
Classification number PJ5129.M26
Item number L3
100 1# - MAIN ENTRY--PERSONAL NAME
Personal name Manger, Itzik,
Dates associated with a name 1901-1969.
245 10 - TITLE STATEMENT
Title Lamṭern in ṿinṭ :
Remainder of title lid un balade.
260 ## - PUBLICATION, DISTRIBUTION, ETC.
Place of publication, distribution, etc. Ṿarshe :
Name of publisher, distributor, etc. Ṭurem,
Date of publication, distribution, etc. 1933.
300 ## - PHYSICAL DESCRIPTION
Extent 142 p. ;
Dimensions 19 cm.
752 ## - ADDED ENTRY--HIERARCHICAL PLACE NAME
Country or larger entity Poland
City Warsaw

No items available.

Powered by Koha